Statistics for Countries of Europe in 850 AD (with a Map)

Click here to take the quiz!

General Stats

  • This quiz has been taken 3,653 times
  • The average score is 21 of 128

Answers on the Map

Answers color-coded by a green-red scale on the quiz's map according to % correct below.
 

Answer Stats

Country% Correct
Byzantine Empire
92%
Alba
83%
West Francia
80%
East Francia
73%
Papal States
71%
Brittany
69%
Bulgaria
69%
Serbia
62%
Croatia
61%
Wessex
60%
Cornwall
55%
Naples
52%
Venice
52%
Crete
51%
Northumbria
50%
Middle Francia
49%
Pamplona
48%
Sussex
46%
Mercia
45%
Córdoba
43%
Ulaid
43%
Munster
41%
San Marino
41%
East Anglia
39%
Kent
38%
The Isles
38%
Asturias
37%
Connacht
31%
Leinster
29%
Gotland
28%
Great Moravia
24%
Strathclyde
22%
Gwynedd
20%
Khazar Khaganate
20%
Limerick
18%
Meath
18%
Scania
17%
Powys
16%
Benevento
15%
Cagliari
14%
Wexford
13%
Arborea
10%
Salerno
10%
Volga Bulgaria
9%
Dyfed
8%
Gwent
8%
Aghlabids
7%
Northern Uí Néill
7%
Ostrogothia
7%
Roskilde
7%
Westrogothia
7%
Agder
6%
Bornholm
6%
Jelling
6%
Jemtia
6%
Öland
6%
Ribe
6%
Blekinge
5%
Duklja
5%
Gallura
5%
Logudoro
5%
Möre
5%
Ossory
5%
Rogaland
5%
Telemark
5%
Vestfold
5%
Hålogaland
4%
Hedeby
4%
Hedmark
4%
Herdalia
4%
Hordaland
4%
Járnberaland
4%
Lower Pannonia
4%
Obotrite
4%
Oppland
4%
Pagania
4%
Värmland
4%
Zachlumia
4%
Björkö
3%
Brycheiniog
3%
Buellt
3%
Dalia
3%
Glywysing
3%
Helsingia
3%
Närke
3%
Nordmøre
3%
Sudermannia
3%
Sunnmøre
3%
Travunia
3%
Upper Pannonia
3%
Västmanland
3%
Aspeland
2%
Attundaland
2%
Eynaland
2%
Eystridal
2%
Finnveden
2%
Fjärdhundra
2%
Gauldølaland
2%
Gestricia
2%
Gudbrandsdalen
2%
Haddingjadal
2%
Handbörd
2%
Heinamark
2%
Kinda
2%
Maelienydd
2%
Namdalen
2%
Njudung
2%
Numadal
2%
Orkdølaland
2%
Rånrike
2%
Ringerike
2%
Roden
2%
Romsdalen
2%
Seisyllwg
2%
Sevede
2%
Skeynaland
2%
Sparbyggjaland
2%
Stjørdølaland
2%
Strindaland
2%
Tiundaland
2%
Tjust
2%
Tveta
2%
Valdres
2%
Värend
2%
Vedbo
2%
Verdølaland
2%
Vingulmark
2%
Vista
2%

Score Distribution

Percentile by Number Answered

Percent of People with Each Score

Your Score History

You have not taken this quiz